Kaunseling dalam pengurusan

Bibliographic Details
Main Author: Zuraidah binti Abdul Rahman
Format: Book
Published: Singapore : Times Books International , 1994
Subjects:

MARC

LEADER 00000cam a2200000 7i4500
001 0000003818
002 000004117
005 20000330.0
020 |a 9812044825 
090 0 0 |a 658.385   |b ZUR 
100 0 |a Zuraidah binti Abdul Rahman 
245 1 0 |a Kaunseling dalam pengurusan   |c Zuraidah binti Abdul Rahman 
260 |a Singapore :   |b Times Books International ,   |c 1994 
300 |a 255p. ;   |c 21cm. 
650 0 0 |a Counseling in management 
650 0 0 |a Employees   |x Dismissal Of   |x Psychological aspects 
650 0 0 |a Employee   |x Counselling 
999 |a 037200   |b BUKU   |c PINJAMAN   |e PERPUSTAKAAN KOMUNITI PETALING JAYA 
999 |a 040370   |b BUKU   |c PINJAMAN   |e PERPUSTAKAAN KOMUNITI PETALING JAYA